000 00341nam a2200145 a 4500
008 980916s1966||||xx 0 und c
040 _aSNK
_bslo
_cSNK
_eAACR2
100 1 _aLanoux, Armand
245 1 0 _aDobrý deň, pán Zola
260 _aBratislava
_bTatran
_c1966
300 _a204 s.
044 _axo
_cSK
041 _aslo
020 _c26
999 _c11992
_d11992